Women in Latin America (Record no. 1452250)

MARC details
000 -LEADER
fixed length control field 00537nam a2200193Ia 4500
005 - DATE AND TIME OF LATEST TRANSACTION
control field 20250923145517.0
008 - FIXED-LENGTH DATA ELEMENTS--GENERAL INFORMATION
fixed length control field 008 250917s9999 xx 000 0 eng d
037 ## - SOURCE OF ACQUISITION
Stock number Textual
040 ## - CATALOGING SOURCE
Original cataloging agency DSWL
Language of cataloging eng
Transcribing agency DSWL
041 ## - LANGUAGE CODE
Language code of text/sound track or separate title eng
Source of code eng
084 ## - COLON CLASSIFICATION NUMBER
Classification number Y15.791, N79
Assigning agency DSWL
245 #0 - TITLE STATEMENT
Title Women in Latin America
Statement of responsibility, etc. Ed.by E.Leacock
260 ## - PUBLICATION, DISTRIBUTION, ETC.
Place of publication, distribution, etc. California
Name of publisher, distributor, etc. Latin American Perspectives
Date of publication, distribution, etc. 1979
300 ## - PHYSICAL DESCRIPTION
Extent 164p.
365 ## - TRADE PRICE
Price type code USD
Price amount 4.95
925 ## -
-- 4.95
942 ## - ADDED ENTRY ELEMENTS (KOHA)
Koha item type Textual
Classification part Y15.791, N79
Holdings
Withdrawn status Lost status Damaged status Not for loan Home library Current library Date acquired Source of acquisition Total Checkouts Full call number Barcode Date last seen Price effective from Koha item type
        Department of Social Work Library Department of Social Work Library 2025-09-23 The Editor Development & Welfare   Y15.791, N79 SW0019737 2025-09-23 2025-09-23 Textual
Copyright @ Delhi University Library System